[Event "Bundesliga B Mitte 2004/05"]
[Site "masterchessopen.com Austria"]
[Date "2004.10.16"]
[Round "1"]
[White "Horvath Peter_ (HUN)"]
[Black "Flumbort Andras (HUN)"]
[Result "1/2-1/2"]
[WhiteElo "2477"]
[BlackElo "2490"]

1.d4 Nf6 2.c4 g6 3.g3 Bg7 4.Bg2 d5 5.cxd5 Nxd5 6.e4 Nb4 7.a3 N4c6 8.d5 Nd4
9.Ne2 Bg4 10.Nbc3 c6 11.h3 Bf3 12.Bxf3 Nxf3+ 13.Kf1 Ne5 14.Kg2 cxd5 15.exd5
O-O 16.b3 Na6 17.Be3 Nc7 {#d} 1/2-1/2

[Event "Memorial Bela Papp (cat.8)"]
[Site "masterchessopen.com Torokbalint (Hungary)"]
[Date "2004.10.19"]
[Round "4"]
[White "Ilincic Zlatko (SRB)"]
[Black "Szeberenyi Adam (HUN)"]
[Result "1/2-1/2"]
[WhiteElo "2522"]
[BlackElo "2366"]

{ Ilincic Zlatko (SCG) +5 =4 -1 } 1.d4 { 1 } 1...Nf6 2.c4 g6 3.g3 Bg7 4.Bg2 d5
5.cxd5 Nxd5 6.e4 Nb4 7.d5 c6 8.a3 Qa5 { ? } ( 8...N4a6 9.Nc3 O-O 10.Nf3 cxd5
11.exd5 Nd7 12.O-O Nb6 13.Re1 Re8 14.Bg5 h6 15.Bf4 Bg4 16.h3 Bxf3 17.Qxf3 Nc4
18.d6 Nxd6 19.Rad1 Nc5 20.b4 Ne6 21.Bxd6 exd6 22.Nb5 Re7 23.Nxd6 Nd4 24.Qd5
Rd7 25.Nxb7 Rxd5 26.Nxd8 Raxd8 27.Bxd5 Rxd5 28.Re8+ { ...1/2-1/2, Tregubov
Pavel V 2612 - Krasenkow Michal 2633 , Warsaw 2002 It (open) (active) (1/4
final) } ) 9.Nc3 cxd5 10.Bf4 ( 10.Be3 N4c6 11.exd5 Ne5 12.Bd4 Bf5 13.Bxe5 Bxe5
14.Ne2 O-O 15.O-O Qb6 16.Na4 Qd6 17.Re1 Na6 18.Nd4 Bd7 19.Nc3 Bg7 20.Qd2 Nc5
21.Rad1 Rac8 22.Qe3 Rfe8 23.Nc6 Bxc3 24.Qxc3 a6 25.Qe3 Bg4 26.Rd4 bxc6 27.dxc6
Qe6 28.Qc3 Qf5 29.Rf4 Qh5 { ...1-0, Ivanchuk Vassily 2731 - Van Wely Loek 2714
, Monaco 2001 It "Melody Amber" (active) } ) 10...N4c6 11.exd5 Nd4 12.Nf3 {
?/= } ( 12.Rc1 O-O 13.Nf3 Bg4 14.h3 Bxf3 15.Bxf3 Qa6 16.Be4 Nd7 17.Be3 Nf5
18.Bxf5 gxf5 19.Qe2 Ne5 20.Qxa6 bxa6 21.Ke2 Nc4 22.Na4 Nxb2 23.Nxb2 Bxb2
24.Rc6 Bxa3 { 1/2-1/2, Karpov Anatoly 2775 - Anand Viswanathan 2725 , Monte
Carlo 1995 It "Melody Amber" (blindfold) } ) 12...Bg4 ( 12...Nb5 13.O-O Nxc3
14.bxc3 O-O 15.c4 Bxa1 16.Qxa1 Re8 17.Re1 Nd7 18.Bh6 f6 19.Ng5 Nb6 20.c5 Na4
21.d6 Qc3 22.Bd5+ Kh8 23.Nf7+ Kg8 24.Nd8+ Kh8 25.Qxc3 Nxc3 26.Rxe7 Rxe7
27.dxe7 Bd7 28.Bxb7 Rb8 29.c6 { 1-0, Ornstein Axel 2426 - Wiedenkeller Michael
2450 , Stockholm 1987 Ch Sweden } ) 13.O-O O-O 14.Re1 Qb6 ( 14...Re8 15.Be5
Nxf3+ 16.Bxf3 Bxe5 17.Rxe5 Nd7 18.Re3 Bxf3 19.Qxf3 Rad8 20.b4 Qa6 21.Rae1 {
1-0, Korchnoi Viktor 2635 - Djuric Stefan 2490 , Sarajevo 1984 It (cat.12) } )
( 14...Nd7 15.h3 Bxf3 16.Bxf3 e5 17.dxe6 fxe6 18.Bg2 Rad8 19.Rc1 Qf5 20.Ne4
Ne5 21.Bxe5 Bxe5 22.Qg4 b6 23.Qxf5 exf5 24.Nc3 Rfe8 25.Nd5 Kf8 26.Kf1 {
1/2-1/2, Bernal Moro Luis Javier 2425 - Fernandez Garcia Jose Luis 2470 ,
Spain 1992 Ch Spain (team) } ) 15.Rb1 ( 15.Na4 Qa6 16.Nc5 Qb6 17.Na4 Qa6
18.Nc5 Qb6 19.Na4 Qa6 20.Nc5 { 1/2-1/2, Ilincic Zlatko 2538 - Ruck Robert 2556
, Neum 30. 5.2004 Ch Bosnia & Herzegovina (team) } ) ( 15.Be5 Bxe5 16.Rxe5
Bxf3 17.Bxf3 Qxb2 18.Bg2 Qxc3 19.Re3 Qc5 20.Rc1 Qb6 21.Rb1 Qf6 22.g4 e5
23.dxe6 fxe6 { 0-1, Goj Artur 2264 - Ragozin Evgeni 2489 , Polanica Zdroj 2000
It (open) } ) 15...e6 { N } ( 15...Nd7 16.Rxe7 Rac8 17.d6 g5 18.Bxg5 Qxd6
19.Ne4 Qg6 20.Nh4 Qxg5 21.Nxg5 Bxd1 22.Rxd1 Nc5 23.b4 Bf6 24.Ree1 Nce6 25.Nxe6
fxe6 26.Bxb7 Rc3 27.Re3 Rxe3 28.fxe3 Nc2 29.Ng2 Nxa3 30.Nf4 Rd8 31.Rc1 Bg5
32.Rc3 Nb1 33.Rc7 e5 34.Be4 exf4 35.exf4 { ...1/2-1/2, Tregubov Pavel V 2636 -
Belov Vladimir 2543 , St. Petersburg 5.2004 Ch Russia (qual) } ) 16.Re4 Nd7
17.Na4 Qa6 18.Rxd4 Bxf3 19.Bxf3 Bxd4 20.dxe6 Ne5 21.exf7+ Rxf7 22.Bxe5 Bxe5
23.Bd5 Qf6 24.Bxf7+ Qxf7 25.Nc5 Rf8 26.Qd2 b6 27.Ne4 { ?! } ( 27.Nd7 { !? }
27...Rd8 28.Qg5 Rxd7 29.Qxe5 { } ) 27...Qb3 28.Qd7 Bg7 { ?! } ( 28...h6 { !? }
29.Nd2 Qf7 30.Qxf7+ Kxf7 { } ) 29.Ng5 Qc2 30.Rf1 Qf5 31.Qe6+ { ? } ( { ? }
31.Ne6 Rf7 32.Qe8+ Bf8 33.f4 { } ) 31...Kh8 32.Qxf5 Rxf5 33.Rd1 Bxb2 34.Rd8+
Kg7 35.h4 { ? } ( { ? } 35.Rd7+ Kg8 36.Rd8+ Rf8 37.Rd7 { } ) 35...Bxa3 { ? } (
{ ? } 35...h6 36.Rd7+ Kg8 37.Ne6 Ra5 { } ) 36.Rd7+ Kg8 37.Rxa7 Bc5 38.Ne4 Rf7
39.Ra8+ Rf8 40.Ra2 Bd4 41.Rd2 Rd8 42.Kf1 b5 43.Ke2 b4 44.Rd3 Bb6 45.Nf6+ Kg7
46.Nd5 { ?! } ( 46.Ne4 { !? } 46...h6 47.Rxd8 Bxd8 48.Kd3 { } ) 46...Bc5
47.Nf4 Rxd3 48.Nxd3 b3 49.Kd2 Bd4 50.f3 h5 51.Kd1 Kf6 52.g4 g5 { ?! } (
52...Kg7 { !? } 53.Nf4 Kh6 54.Ng2 Be5 { } ) 53.hxg5+ Kxg5 54.gxh5 Kxh5 55.Kc1
{ } {#d} 1/2-1/2

[Event "Memorial Bela Papp (cat.8)"]
[Site "masterchessopen.com Torokbalint (Hungary)"]
[Date "2004.10.21"]
[Round "6"]
[White "Ilincic Zlatko (SRB)"]
[Black "Fogarasi Tibor (HUN)"]
[Result "1/2-1/2"]
[WhiteElo "2522"]
[BlackElo "2425"]

1.d4 Nf6 2.c4 g6 3.g3 Bg7 4.Bg2 d5 5.cxd5 Nxd5 6.e4 Nb4 7.d5 c6 8.a3 Qa5 9.Nc3
cxd5 10.Bf4 N4c6 11.exd5 Nd4 12.Nf3 Bg4 13.O-O O-O 14.Re1 Qb6 15.Rb1 e6 16.Re4
Nd7 17.Na4 Nxf3+ 18.Bxf3 Bxf3 19.Qxf3 Qa5 20.dxe6 fxe6 21.Qb3 Qd5 22.Rb4 b6
23.Rd1 Qxb3 24.Rxb3 Nf6 25.Nc3 Rad8 26.Rxd8 Rxd8 27.Nb5 Rd1+ 28.Kg2 Nd5
29.Nxa7 Rb1 30.Bd6 Rxb2 31.Rxb2 Bxb2 32.Kf3 Kf7 33.Ke4 Nf6+ 34.Kd3 e5 35.Nc8
e4+ 36.Ke2 Nd5 37.f3 exf3+ 38.Kxf3 Ke6 39.Bf8 Kf7 40.Bd6 Ke6 41.Bf8 Kf7 42.Bd6
Ke6 {#d} 1/2-1/2

[Event "Memorial M.Chigorin (open)"]
[Site "masterchessopen.com St. Petersburg (Russia)"]
[Date "2004.10.24"]
[Round "9"]
[White "Solozhenkin Evgeniy (RUS)"]
[Black "Ajupov Damir (RUS)"]
[Result "1/2-1/2"]
[WhiteElo "2501"]
[BlackElo "2314"]

1.d4 Nf6 2.c4 g6 3.g3 Bg7 4.Bg2 d5 5.cxd5 Nxd5 6.e4 Nb4 7.d5 c6 8.a3 Qa5 9.Nc3
cxd5 10.Be3 d4 11.axb4 Qd8 12.Bxd4 Bxd4 13.Nge2 Bb6 14.Nd5 Be6 15.Nxb6 Qxb6
16.Qd4 Qxd4 17.Nxd4 Bd7 18.e5 Nc6 19.Nxc6 Bxc6 20.Bxc6+ bxc6 21.Kd2 Kd7 22.Kc3
Rhb8 23.Ra5 Rb5 24.Rha1 Rxa5 25.Rxa5 Kc7 26.Ra1 e6 27.Kc4 Kb6 28.Rd1 Kc7
29.Rd3 Rd8 30.Rxd8 Kxd8 31.h4 Ke7 32.Kc5 Kd7 33.g4 h6 34.h5 gxh5 35.gxh5 Ke7
36.f3 Kd7 37.Kd4 Kc7 38.Kc5 Kd7 39.Kc4 Kc7 40.Kc5 Kd7 {#d} 1/2-1/2

[Event "Bundesliga 2004/05"]
[Site "masterchessopen.com Austria"]
[Date "2004.11.20"]
[Round "2"]
[White "Gavrikov Viktor (LTU)"]
[Black "Ftacnik Lubomir (SVK)"]
[Result "1/2-1/2"]
[WhiteElo "2552"]
[BlackElo "2533"]

1.d4 Nf6 2.c4 g6 3.g3 Bg7 4.Bg2 d5 5.cxd5 Nxd5 6.e4 Nb4 7.a3 N4c6 8.d5 Nd4
9.Ne2 Bg4 10.Nbc3 O-O 11.O-O Nxe2+ 12.Nxe2 c6 13.h3 Bc8 14.Nf4 cxd5 15.exd5
Na6 16.Re1 Nc7 17.Qe2 e5 18.dxe6 Nxe6 19.Nxe6 {#d} 1/2-1/2

[Event "Ch Iceland (team) 2004/05"]
[Site "masterchessopen.com Reykjavik (Iceland)"]
[Date "2004.11.20"]
[Round "3"]
[White "Bjarnason Saevar (ISL)"]
[Black "Naes Flovin Tor (FAI)"]
[Result "0-1"]
[WhiteElo "2304"]
[BlackElo "2302"]

1.d4 Nf6 2.c4 g6 3.g3 Bg7 4.Bg2 d5 5.cxd5 Nxd5 6.e4 Nb4 7.d5 c6 8.Nc3 cxd5
9.exd5 Bf5 10.Qa4+ N8c6 11.Nge2 Nc2+ 12.Kf1 Nxa1 13.dxc6 O-O 14.cxb7 Rb8
15.Be3 Nc2 16.Bxa7 Qd2 {#R} 0-1

[Event "It (cat.7)"]
[Site "masterchessopen.com Budapest (Hungary)"]
[Date "2004.12.01"]
[Round "2"]
[White "Ilincic Zlatko (SRB)"]
[Black "Boros Denes (HUN)"]
[Result "1/2-1/2"]
[WhiteElo "2522"]
[BlackElo "2414"]

1.d4 Nf6 2.c4 g6 3.g3 Bg7 4.Bg2 d5 5.cxd5 Nxd5 6.e4 Nb4 7.d5 c6 8.a3 Qa5 9.Nc3
cxd5 10.Bf4 N4c6 11.exd5 Nd4 12.Nf3 Bg4 13.O-O O-O 14.Re1 Qb6 15.Rb1 e6 16.Re4
Nd7 17.Na4 Nxf3+ 18.Bxf3 Bxf3 19.Qxf3 Qa5 20.dxe6 fxe6 21.Qd1 Qf5 22.Re2 e5
23.Bd2 Nf6 24.Nc3 Kh8 25.Qf1 Rac8 26.Rbe1 e4 27.h3 Rfe8 28.g4 Qd7 29.Bg5 Re5
30.Bxf6 Bxf6 31.Nxe4 Bg7 32.Nf6 Bxf6 33.Rxe5 Bxe5 34.Rxe5 Qd2 35.Qe2 Qxe2
36.Rxe2 Rc7 37.f4 Kg7 38.Kf2 Kf6 39.Ke3 Rc1 40.Ke4 Rc4+ 41.Kf3 Rd4 42.g5+ Kf7
43.Re3 Rd2 44.Rb3 b6 45.Ke3 Rh2 46.Kd4 Ke6 47.Ke4 Rf2 48.a4 Rh2 49.a5 bxa5
50.Rb7 Rxh3 51.Rxa7 h6 52.gxh6 Rxh6 53.Rxa5 Rh2 54.Ra6+ Kf7 55.Rb6 Re2+ 56.Kd3
Rf2 57.Ke3 Rf1 58.Rc6 Rb1 59.Rb6 Rf1 60.Rb4 Kf6 61.Rc4 Rb1 62.b4 Kf5 63.Rc5+
Ke6 64.Rb5 Rf1 65.Re5+ Kf6 66.Rb5 Ke6 67.Rg5 Kf6 68.b5 Rb1 69.Rc5 Rb4 70.Kf3
Rb1 71.Ke4 Rb4+ 72.Ke3 Rb3+ 73.Kd2 Ke6 74.Kc2 Rb4 75.Kc3 Rxf4 76.b6 Kd7
77.Rc7+ Kd8 78.Rc6 Kd7 79.Rxg6 Kc8 {#d} 1/2-1/2

[Event "It (cat.7)"]
[Site "masterchessopen.com Budapest (Hungary)"]
[Date "2004.12.05"]
[Round "6"]
[White "Ilincic Zlatko (SRB)"]
[Black "Fogarasi Tibor (HUN)"]
[Result "1/2-1/2"]
[WhiteElo "2522"]
[BlackElo "2425"]

1.d4 Nf6 2.c4 g6 3.g3 Bg7 4.Bg2 d5 5.cxd5 Nxd5 6.e4 Nb4 7.d5 c6 8.Ne2 cxd5
9.a3 N4a6 10.exd5 O-O 11.O-O Nd7 12.Nbc3 Ne5 13.h3 Nc4 14.Re1 Bd7 15.Nf4 Rc8
16.Ra2 Nc5 17.a4 Re8 18.Bf1 Nd6 19.g4 Qb6 20.Nb5 a5 21.Nd3 Nxb5 22.axb5 Bd4
23.Nxc5 Qxc5 24.Be3 Bxe3 25.Rxe3 b6 26.Raa3 Qc1 27.Qe2 Rc2 28.Rac3 Rxe2
29.Rxc1 Rxe3 30.fxe3 Rc8 31.Rxc8+ Bxc8 32.e4 f6 33.Kf2 Kf7 34.Ke3 e5 35.dxe6+
Kxe6 36.Kd4 g5 37.Be2 Kd6 38.Bd3 Be6 39.Bc2 h6 40.Bd1 Bf7 41.Bc2 Bg8 42.Bd1
Ba2 43.Bc2 Be6 {#d} 1/2-1/2

[Event "Extraliga 2004/05"]
[Site "masterchessopen.com Czech Republic"]
[Date "2004.12.05"]
[Round "4"]
[White "Wojtaszek Radoslaw (POL)"]
[Black "Kalod Radek (CZE)"]
[Result "1-0"]
[WhiteElo "2536"]
[BlackElo "2492"]

{ } 1.d4 Nf6 2.c4 g6 3.g3 Bg7 4.Bg2 d5 5.cxd5 Nxd5 6.e4 Nb4 { ? } ( 6...Nb6
7.Ne2 c5 8.d5 e6 9.Nbc3 exd5 10.exd5 O-O 11.O-O Na6 12.h3 Nc4 13.b3 Nd6 14.Bf4
b6 15.Qd2 Re8 16.Rad1 Bb7 17.g4 Nc7 18.a4 Ba6 19.Rfe1 Bxe2 20.Nxe2 Be5 21.Bg5
Bf6 22.Be3 Qd7 23.Ng3 Re7 24.Bf4 Rxe1+ 25.Rxe1 Re8 26.Rd1 { ...0-1, Lputian
Smbat G 2618 - Van Wely Loek 2714 , Moscow 2001 Ch World FIDE (KO-system) } )
7.a3 { ? } ( 7.d5 c6 8.a3 Qa5 9.Nc3 cxd5 10.Be3 N4c6 11.exd5 Ne5 12.Bd4 Bf5
13.Bxe5 Bxe5 14.Ne2 O-O 15.O-O Qb6 16.Na4 Qd6 17.Re1 Na6 18.Nd4 Bd7 19.Nc3 Bg7
20.Qd2 Nc5 21.Rad1 Rac8 22.Qe3 Rfe8 23.Nc6 Bxc3 24.Qxc3 a6 25.Qe3 Bg4 26.Rd4
bxc6 { ...1-0, Ivanchuk Vassily 2731 - Van Wely Loek 2714 , Monaco 2001 It
"Melody Amber" (active) } ) 7...N4c6 8.d5 Nd4 9.Nc3 ( 9.Ne2 c5 10.O-O O-O
11.Nxd4 cxd4 12.Nd2 Na6 13.b4 Nc7 14.Bb2 Nb5 15.Nb3 Qb6 16.Rc1 e6 17.Re1 e5
18.Nc5 Bh6 19.Rc2 Nd6 20.f4 f6 21.Rf2 a5 22.Qb3 axb4 23.axb4 Re8 24.Ref1 Bg7
25.fxe5 fxe5 26.Bc1 Qb5 27.Re1 Qc4 28.Qb1 Qc3 { ...1/2-1/2, Shirov Alexei 2726
- Gavrikov Viktor 2545 , Klaipeda 1988 Ch URS (1 liga) (cat.9) } ) 9...c5 { =
} ( 9...O-O 10.Nge2 c5 11.O-O e5 12.Be3 Na6 13.Nc1 f5 14.f4 fxe4 15.Bxe4 Bf5
16.Bxf5 Nxf5 17.Bf2 exf4 18.gxf4 Qd6 19.N1e2 Rad8 20.Qd3 Bxc3 21.Nxc3 Qxf4
22.Rad1 Rfe8 23.Rfe1 Nd4 24.Kg2 Rxe1 25.Rxe1 Nc7 26.Bg3 Qf7 27.d6 Nd5 28.Rf1
Qe6 29.Re1 { ...0-1, Donner Jan-Hein 2430 - Keres Paul 2580 , Beverwijk 1964
It "Hoogovens" } ) 10.Nge2 ( 10.Nce2 e5 11.Nxd4 cxd4 12.f4 f6 13.Nf3 O-O
14.O-O Na6 15.b4 Nc7 16.Qb3 Kh8 17.fxe5 fxe5 18.Bg5 Qe8 19.a4 Bg4 20.Rac1 Qd7
21.b5 Ne8 22.Bd2 Bxf3 23.Rxf3 Nd6 24.Rxf8+ Rxf8 25.Qb4 h6 26.b6 axb6 27.Qxb6
Rf6 28.Qb3 Qg4 29.Qd3 Rf7 { ...1/2-1/2, Jakobsen Ole 2376 - Barcza Gedeon 2435
, Copenhagen 1965 It } ) 10...O-O 11.O-O e5 12.Be3 ( 12.dxe6 fxe6 13.f4 e5
14.f5 gxf5 15.exf5 Bxf5 16.Bxb7 Nd7 17.Nxd4 cxd4 18.Ne4 Rb8 19.Bd5+ Kh8 20.Ng5
Bg6 21.Ne6 Rxf1+ 22.Qxf1 Qf6 23.Nxg7 Qxf1+ 24.Kxf1 Kxg7 25.b4 Nf6 26.Be6 Rb6
27.Bb3 Rc6 28.Bb2 Ng4 29.h3 Ne3+ 30.Ke2 Bf7 31.Ba4 Bc4+ { ...0-1, Grabarczyk
Miroslaw 2470 - Bednarska Malgorzata 2175 , Poland 1998 Ch Poland (under 26) }
) ( 12.Rb1 a5 13.b4 axb4 14.axb4 b6 15.Be3 Nd7 16.f4 Ba6 17.Rf2 Bh6 18.Qd2 Qe7
19.b5 Bb7 20.fxe5 Bxe3 21.Qxe3 Qxe5 22.Qf4 Nxe2+ 23.Nxe2 Kg7 24.Rbf1 Bc8
25.Qxe5+ Nxe5 26.Rf6 Bg4 27.Nc3 Ra3 28.Nb1 Ra1 29.Rxb6 Be2 30.Re1 Bd3 31.Ra6
Rxb1 { ...0-1, Gawlikowski Stanislaw 2200 - Averbakh Yuri L 2445 , Schiavno
Zdroj 1950 It } ) 12...a5 ( 12...Na6 13.Nc1 f5 14.f4 fxe4 15.Bxe4 Bf5 16.Bxf5
Nxf5 17.Bf2 exf4 18.gxf4 Qd6 19.N1e2 Rad8 20.Qd3 Bxc3 21.Nxc3 Qxf4 22.Rad1
Rfe8 23.Rfe1 Nd4 24.Kg2 Rxe1 25.Rxe1 Nc7 26.Bg3 Qf7 27.d6 Nd5 28.Rf1 Qe6
29.Re1 Qxe1 30.Nxd5 Qe2+ 31.Qxe2 Nxe2 { 0-1, Donner Jan-Hein 2430 - Keres Paul
2580 , Beverwijk 1964 It "Hoogovens" } ) ( 12...Nd7 13.b4 ( 13.f4 b6 { +0.22
CAP } ) 13...b6 14.Rb1 Nf6 15.f4 Bg4 16.fxe5 Bxe2 17.Nxe2 Ng4 18.Bc1 Nxe2+
19.Qxe2 Nxe5 20.bxc5 bxc5 21.Be3 c4 22.Kh1 Qe7 23.a4 Rac8 24.Rb5 c3 25.Rc1 Qa3
26.Qc2 Nc4 27.Bxa7 Bh6 28.Re1 Qe7 29.Qf2 Bd2 30.Rf1 Nd6 31.Bd4 Nxb5 32.axb5 {
...0-1, Jirka Jiri 2330 - Timofeev Artyom 2517 , Patras 2001 Ch Europe
(juniors) (under 20) } ) 13.f4 { +0.89 CAP N } ( 13.h3 b6 14.f4 Ba6 15.Rf2 Nd7
16.f5 Qe7 17.a4 Rab8 18.Bf1 Rbd8 19.g4 Bxe2 20.Nxe2 Qh4 21.Bg2 Bh6 22.Bxh6
Qxh6 23.Ra3 Nf6 24.Qf1 Qh4 25.Nxd4 cxd4 26.fxg6 fxg6 27.Raf3 Kg7 28.Qa6 Nd7
29.Qb7 Qe7 30.Bf1 Rxf3 31.Rxf3 Rf8 32.Rxf8 Kxf8 { ...1/2-1/2, Epishin Vladimir
2650 - Babula Vlastimil 2515 , Brno 1994 It (cat.13) "Barbarela Cup" } )
13...f6 14.Rf2 b6 15.Rb1 Na6 16.Nc1 Bd7 17.Nd3 Qc7 18.b3 Rfc8 19.Nb2 b5 20.Bf1
Qb8 21.fxe5 fxe5 22.a4 Nc7 23.axb5 Ncxb5 24.Nxb5 Nxb5 25.Qd3 Nd4 26.Nc4 Qc7
27.Ra2 Rcb8 28.Bd2 Rb5 29.Ra3 a4 30.bxa4 Nf3+ { ?! } ( 30...Rxb1 { !? }
31.Qxb1 Rxa4 32.Rxa4 Bxa4 { } ) 31.Kg2 Rxb1 32.Qxb1 Nxd2 33.Nxd2 Rxa4 34.Rxa4
Bxa4 35.Qa2 Qa5 { ? } ( 35...Qd7 36.Nf3 Bf6 37.Qc4 Qa7 { } ) 36.d6+ Kf8 37.Nf3
Qb4 38.Ng5 Qb3 39.Nxh7+ Ke8 40.Bb5+ Qxb5 41.Qe6+ Kd8 42.Qe7+ { } {#r} 1-0

[Event "It (cat.2)"]
[Site "masterchessopen.com Budapest (Hungary)"]
[Date "2004.12.07"]
[Round "3"]
[White "Issakainen Ari (FIN)"]
[Black "Szeberenyi Adam (HUN)"]
[Result "1/2-1/2"]
[WhiteElo "2230"]
[BlackElo "2366"]

1.d4 Nf6 2.c4 g6 3.g3 Bg7 4.Bg2 d5 5.cxd5 Nxd5 6.e4 Nb4 7.d5 c6 8.a3 Qa5 9.Nc3
cxd5 10.Bf4 N4c6 11.exd5 Nd4 12.Nf3 Bg4 13.O-O O-O 14.Re1 e6 15.Be5 Bxe5
16.Rxe5 Nxf3+ 17.Bxf3 Nd7 18.Re3 Bxf3 {#d} 1/2-1/2

[Event "It (cat.7)"]
[Site "masterchessopen.com Budapest (Hungary)"]
[Date "2005.02.06"]
[Round "2"]
[White "Ilincic Zlatko (SRB)"]
[Black "Flumbort Andras (HUN)"]
[Result "1/2-1/2"]
[WhiteElo "2540"]
[BlackElo "2448"]

{ Ilincic Zlatko (SCG) +5 =8 -1 Flumbort Andras (HUN) +1 =2 -0 } 1.d4 Nf6 2.c4
g6 3.g3 Bg7 4.Bg2 d5 5.cxd5 Nxd5 6.e4 Nb4 { ? } ( 6...Nb6 7.Ne2 c5 8.d5 e6
9.Nbc3 exd5 10.exd5 O-O 11.O-O Na6 12.h3 Nc4 13.b3 Nd6 14.Bf4 b6 15.Qd2 Re8
16.Rad1 Bb7 17.g4 Nc7 18.a4 Ba6 19.Rfe1 Bxe2 20.Nxe2 Be5 21.Bg5 Bf6 22.Be3 Qd7
23.Ng3 Re7 24.Bf4 Rxe1+ 25.Rxe1 Re8 26.Rd1 { ...0-1, Lputian Smbat G 2618 -
Van Wely Loek 2714 , Moscow 2001 Ch World FIDE (KO-system) } ) 7.d5 c6 8.a3 (
8.Ne2 cxd5 9.a3 N4a6 10.exd5 O-O 11.O-O Nd7 12.Nbc3 Ne5 13.h3 Nc4 14.Re1 Bd7
15.Nf4 Rc8 16.Ra2 Nc5 17.a4 Re8 18.Bf1 Nd6 19.g4 Qb6 20.Nb5 a5 21.Nd3 Nxb5
22.axb5 Bd4 23.Nxc5 Qxc5 24.Be3 Bxe3 25.Rxe3 b6 26.Raa3 Qc1 27.Qe2 Rc2 {
...1/2-1/2, Ilincic Zlatko 2522 - Fogarasi Tibor 2425 , Budapest 5.12.2004 It
(cat.7) } ) 8...Qa5 9.Nc3 cxd5 10.Bf4 N4c6 11.exd5 Nd4 12.Nf3 { ?/= } ( 12.Rc1
O-O 13.Nf3 Bg4 14.h3 Bxf3 15.Bxf3 Qa6 16.Be4 Nd7 17.Be3 Nf5 18.Bxf5 gxf5
19.Qe2 Ne5 20.Qxa6 bxa6 21.Ke2 Nc4 22.Na4 Nxb2 23.Nxb2 Bxb2 24.Rc6 Bxa3 {
1/2-1/2, Karpov Anatoly 2775 - Anand Viswanathan 2725 , Monte Carlo 1995 It
"Melody Amber" (blindfold) } ) 12...Bg4 13.O-O O-O 14.Re1 Qb6 15.Rb1 ( 15.Na4
Qa6 16.Nc5 Qb6 17.Na4 Qa6 18.Nc5 Qb6 19.Na4 Qa6 20.Nc5 { 1/2-1/2, Ilincic
Zlatko 2522 - Ruck Robert 2562 , Neum 30. 5.2004 Ch Bosnia & Herzegovina
(team) } ) ( 15.Be5 Bxe5 16.Rxe5 Bxf3 17.Bxf3 Qxb2 18.Bg2 Qxc3 19.Re3 Qc5
20.Rc1 Qb6 21.Rb1 Qf6 22.g4 e5 23.dxe6 fxe6 { 0-1, Goj Artur 2264 - Ragozin
Evgeni 2489 , Polanica Zdroj 2000 It (open) } ) 15...e6 ( 15...Nd7 16.Rxe7
Rac8 17.d6 g5 18.Bxg5 Qxd6 19.Ne4 Qg6 20.Nh4 Qxg5 21.Nxg5 Bxd1 22.Rxd1 Nc5
23.b4 Bf6 24.Ree1 Nce6 25.Nxe6 fxe6 26.Bxb7 Rc3 27.Re3 Rxe3 28.fxe3 Nc2 29.Ng2
Nxa3 30.Nf4 Rd8 31.Rc1 Bg5 32.Rc3 Nb1 33.Rc7 e5 34.Be4 exf4 35.exf4 {
...1/2-1/2, Tregubov Pavel V 2629 - Belov Vladimir 2552 , St. Petersburg
5.2004 Ch Russia (qual) } ) 16.Re4 Nd7 17.Na4 Nxf3+ ( 17...Qa6 18.Rxd4 Bxf3
19.Bxf3 Bxd4 20.dxe6 Ne5 21.exf7+ Rxf7 22.Bxe5 Bxe5 23.Bd5 Qf6 24.Bxf7+ Qxf7
25.Nc5 Rf8 26.Qd2 b6 27.Ne4 Qb3 28.Qd7 Bg7 29.Ng5 Qc2 30.Rf1 Qf5 31.Qe6+ Kh8
32.Qxf5 Rxf5 33.Rd1 Bxb2 34.Rd8+ Kg7 35.h4 Bxa3 36.Rd7+ Kg8 37.Rxa7 {
...1/2-1/2, Ilincic Zlatko 2522 - Szeberenyi Adam 2366 , Torokbalint
19.10.2004 Memorial Bela Papp (cat.8) } ) 18.Bxf3 Bxf3 19.Qxf3 { +0.07 CAP }
19...Qa6 { N } ( 19...Qa5 20.dxe6 fxe6 21.Qb3 ( 21.Qd1 Qf5 22.Re2 e5 23.Bd2
Nf6 24.Nc3 Kh8 25.Qf1 Rac8 26.Rbe1 e4 27.h3 Rfe8 28.g4 Qd7 29.Bg5 Re5 30.Bxf6
Bxf6 31.Nxe4 Bg7 32.Nf6 Bxf6 33.Rxe5 Bxe5 34.Rxe5 Qd2 35.Qe2 Qxe2 36.Rxe2 Rc7
37.f4 Kg7 38.Kf2 Kf6 39.Ke3 { ...1/2-1/2, Ilincic Zlatko 2522 - Boros Denes
2414 , Budapest 1.12.2004 It (cat.7) } ) 21...Qd5 22.Rb4 b6 23.Rd1 Qxb3
24.Rxb3 Nf6 25.Nc3 Rad8 26.Rxd8 Rxd8 27.Nb5 Rd1+ 28.Kg2 Nd5 29.Nxa7 Rb1 30.Bd6
Rxb2 31.Rxb2 Bxb2 32.Kf3 Kf7 33.Ke4 Nf6+ 34.Kd3 e5 35.Nc8 e4+ 36.Ke2 Nd5 37.f3
exf3+ 38.Kxf3 Ke6 39.Bf8 { ...1/2-1/2, Ilincic Zlatko 2522 - Fogarasi Tibor
2425 , Torokbalint 21.10.2004 Memorial Bela Papp (cat.8) } ) 20.dxe6 fxe6
21.Qe2 Qxe2 22.Rxe2 e5 23.Be3 e4 { ?! } ( 23...b6 { !? } 24.Nc3 Nf6 25.Rc1
Rae8 { } ) 24.Nc3 Bxc3 25.bxc3 b6 26.Bd4 Rae8 27.Kg2 { ?! } ( 27.Rbe1 { !? }
27...Ne5 28.Bxe5 Rxe5 29.Rxe4 { } ) 27...Rf5 28.c4 Rf3 29.Rd1 Rb3 30.Re3 Rxe3
31.Bxe3 Ne5 32.Rd4 Rc8 33.c5 Ng4 34.cxb6 Nxe3+ 35.fxe3 Rc2+ 36.Kh3 axb6
37.Rxe4 Kf7 38.a4 Rb2 39.Rc4 h5 40.Rc6 Rb4 41.Kg2 Rxa4 42.Rxb6 Ra2+ 43.Kh3 Re2
{ } {#d} 1/2-1/2